| 000 | 01140cab a22002295a 4500 | ||
|---|---|---|---|
| 001 | L144343 | ||
| 008 | 080714s2008 xxk f v 000 0 eng d | ||
| 035 | _a(Sirsi) u144343 | ||
| 041 | 0 | _aeng | |
| 100 | 1 | _aNewstead, Jackie | |
| 245 | 0 | 4 | _aThe lease code one year on |
| 260 | _c2008 | ||
| 490 | 0 |
_aLovells Real Estate Quarterly _vSummer 2008, 1-2(2) |
|
| 520 | _aProvides an overview of how the third edition of the Lease Code has worked out in practice one year after its introduction. Discusses some of the concerns in the market where there has been a mixed response to the code. Covers: lease negotiations; rent deposits and guarantees; rent review; assignment and subletting; service charges; insurance; ongoing management. Concludes that the threat of regulation has passed but that the property sector would be wise not to marginalise the code. | ||
| 590 | _aKA | ||
| 650 | 2 | 4 | _aRICS 2006 CODE OF PRACTICE |
| 650 | 2 | 4 | _aCODE FOR LEASING BUSINESS PREMISES IN ENGLAND AND WALES 2007 |
| 651 | 4 |
_aEngland and Wales _y1543- |
|
| 690 | _aLANDLORD AND TENANT-RESIDENTIAL TENANCIES | ||
| 700 | 1 | _aPanambalana, Dion | |
| 942 | _n0 | ||
| 999 |
_c80432 _d80432 |
||